|
|
|
|
| LEADER |
00000nam0a2200000 4500 |
| 001 |
682438 |
| 005 |
20251017141426.0 |
| 090 |
|
|
|a 682438
|
| 100 |
|
|
|a 20251017d1977 km|y0rusy50 ca
|
| 101 |
0 |
|
|a rus
|
| 102 |
|
|
|a RU
|
| 105 |
|
|
|a a z 001yy
|
| 181 |
|
0 |
|a i
|b e
|
| 182 |
|
0 |
|a n
|
| 183 |
|
0 |
|a nc
|2 RDAcarrier
|
| 200 |
1 |
|
|a Схемы метода конечных элементов высоких порядков точности
|f В. Г. Корнеев
|g Ленинградский государственный университет
|
| 203 |
|
|
|a Текст
|b визуальный
|c непосредственный
|
| 210 |
|
|
|a Ленинград
|c Изд-во Ленинградского ун-та
|d 1977
|
| 215 |
|
|
|a 207 с.
|c ил.
|
| 283 |
|
|
|a volume
|2 RDAcarrier
|
| 320 |
|
|
|a Указатель литературы: с. 195-203
|
| 606 |
|
|
|a Конечных элементов метод
|9 41614
|
| 610 |
1 |
|
|a простейшие схемы
|
| 610 |
1 |
|
|a задачи упругости
|
| 610 |
1 |
|
|a метод Бубнова-Галеркина
|
| 610 |
1 |
|
|a интерполяционные полиномы
|
| 610 |
1 |
|
|a эллиптические уравнения
|
| 610 |
1 |
|
|a совместные конечные элементы
|
| 610 |
1 |
|
|a криволинейные совместные элементы
|
| 610 |
1 |
|
|a аппроксимация
|
| 610 |
1 |
|
|a оценка
|
| 610 |
1 |
|
|a сходимость
|
| 610 |
1 |
|
|a обусловленность
|
| 610 |
1 |
|
|a иттерационные методы решения
|
| 610 |
1 |
|
|a квадратурные формулы
|
| 675 |
|
|
|a 519.962
|v 4
|
| 700 |
|
1 |
|a Корнеев
|b В. Г.
|g Вадим Глебович
|
| 712 |
0 |
2 |
|a Ленинградский государственный университет
|c (1924-1991)
|4 570
|9 23175
|
| 801 |
|
0 |
|a RU
|b 63413507
|c 20251017
|
| 830 |
|
|
|a Ретро2025Каталогизация Шило
|
| 850 |
|
|
|a 63413507
|
| 942 |
|
|
|c BK
|